NLSUI OPAC header image

Recent political thought (Record no. 54)

MARC details
000 -LEADER
fixed length control field 00388nam a2200157Ia 4500
008 - FIXED-LENGTH DATA ELEMENTS--GENERAL INFORMATION
fixed length control field 160316s1957 xxu||||| |||| 00| 0 eng d
082 ## - DEWEY DECIMAL CLASSIFICATION NUMBER
Classification number 320.500000
Item number COK
100 ## - MAIN ENTRY--PERSONAL NAME
Personal name Coker Francis W
245 ## - TITLE STATEMENT
Title Recent political thought
250 ## - EDITION STATEMENT
Edition statement
260 ## - PUBLICATION, DISTRIBUTION, ETC.
Place of publication, distribution, etc. Calcutta
Name of publisher, distributor, etc. The World Press
Date of publication, distribution, etc. 1957
300 ## - PHYSICAL DESCRIPTION
Extent 573p
Other physical details 20 cm
Dimensions ix
365 ## - TRADE PRICE
Price amount Rs.700 Set
650 ## - SUBJECT ADDED ENTRY--TOPICAL TERM
Topical term or geographic name entry element 1.Political Thought
700 ## - ADDED ENTRY--PERSONAL NAME
Personal name
--
Holdings
Withdrawn status Lost status Damaged status Not for loan Home library Current library Shelving location Date acquired Cost, normal purchase price Total Checkouts Full call number Barcode Date last seen Price effective from Koha item type
        . . Library Compactors 30.05.2017 700.00   320.5 COK 53 30.05.2017 30.05.2017 BOOKs